000 nam a22 a 4500
999 _c4361
_d4361
003 AKMAL
005 20170529104052.0
008 170529s2004 my | e l 000 0 may d
020 _a9678915073 (kkt.) :
_cRM 12.50
040 _cAKMAL
082 0 4 _a344.595092 MAL
_222
090 0 0 _a344.595092
_bMAL
110 1 _aMalaysia
_9400
245 1 0 _aAkta Arkib Negara 2003 (Akta 629) =
_bNational Archives Act 2003 (Act 629) : (hingga 15hb Jun 2004) /
_cdisusun oleh Lembaga Penyelidikan Undang-Undang
246 3 1 _aNational Archives Act 2003
260 _aPetaling Jaya :
_bInternational Law Book Services,
_c2004
300 _a62ms. ;
_c24cm.
440 0 _aUNDANG-UNDANG MALAYSIA
_98502
500 _aPinjaman Tetap Bahagian Perancangan & Perhubungan Korporat (001560570)
546 _aTeks sejajar bahasa Inggeris dan bahasa Malaysia
650 1 0 _aArchives
_xLaw and legislation
_zMalaysia
_98503
942 _2ddc
_cBOOK